000 00346nam a2200145 i 4500
001 bg
245 0 _aElectron paramagnetic resonance /
_ced. by S. Geschwind.
260 _aNew York,
_c1972.
700 1 _aGeschwind, S.
_eRed.
040 _cBPK
041 _apol
080 _a539.12
942 _cKS
008 s pl f |000 0 pol
999 _c26406
_d26406
856 _uhttp://koha.tu.koszalin.pl/cgi-bin/koha/opac-detail.pl?biblionumber=26406
_yKatalog online BPK